Šaty robia zázraky (Record no. 20192)
[ view plain ]
| 000 -LEADER | |
|---|---|
| fixed length control field | 00916nam a22002771i 4500 |
| 001 - CONTROL NUMBER | |
| control field | 20192 |
| 003 - CONTROL NUMBER IDENTIFIER | |
| control field | VRT |
| 005 - DATE AND TIME OF LATEST TRANSACTION | |
| control field | 20260119114419.0 |
| 008 - FIXED-LENGTH DATA ELEMENTS--GENERAL INFORMATION | |
| fixed length control field | 090724s1993 SK a rf 000 slo d |
| 035 ## - SYSTEM CONTROL NUMBER | |
| System control number | (SVKBBclas03)vtls000017902 |
| 039 #9 - LEVEL OF BIBLIOGRAPHIC CONTROL AND CODING DETAIL [OBSOLETE] | |
| Level of rules in bibliographic description | 202409252032 |
| Level of effort used to assign nonsubject heading access points | msvkbb16 |
| Level of effort used to assign subject headings | 202408091216 |
| Level of effort used to assign classification | AUTHORITY |
| 040 ## - CATALOGING SOURCE | |
| Original cataloging agency | SVKBB |
| Language of cataloging | slo |
| Transcribing agency | SVKBB |
| Description conventions | AACR2 |
| 041 1# - LANGUAGE CODE | |
| Language code of text/sound track or separate title | slo |
| Language code of original | eng |
| 080 ## - UNIVERSAL DECIMAL CLASSIFICATION NUMBER | |
| Universal Decimal Classification number | 391.2(035) |
| 080 ## - UNIVERSAL DECIMAL CLASSIFICATION NUMBER | |
| Universal Decimal Classification number | 646.4(035) |
| 100 1# - MAIN ENTRY--PERSONAL NAME | |
| Personal name | Larkeyová, Jan. |
| 245 00 - TITLE STATEMENT | |
| Title | Šaty robia zázraky |
| Remainder of title | (Ako pôsobiť dokonale s nedokonalou postavou) |
| Statement of responsibility, etc. | Jan Larkeyová; z angl. orig. prel. Sabína Bačíková |
| 250 ## - EDITION STATEMENT | |
| Edition statement | 1. vyd. |
| 260 ## - PUBLICATION, DISTRIBUTION, ETC. | |
| Place of publication, distribution, etc. | Bratislava |
| Name of publisher, distributor, etc. | Prúdy |
| Date of publication, distribution, etc. | 1993 |
| 300 ## - PHYSICAL DESCRIPTION | |
| Extent | 108 s. |
| Other physical details | Tab., ilustr. |
| 653 ## - INDEX TERM--UNCONTROLLED | |
| Uncontrolled term | ženy - móda - príručky. |
| 653 ## - INDEX TERM--UNCONTROLLED | |
| Uncontrolled term | odev dámsky - príručky. |
| 700 1# - ADDED ENTRY--PERSONAL NAME | |
| Personal name | Bačíková, Sabína, |
| Dates associated with a name | 1951- |
| Relationship | prekl. |
| 942 ## - ADDED ENTRY ELEMENTS (KOHA) | |
| Source of classification or shelving scheme | Dewey Decimal Classification |
| Koha item type | Odborná literatúra pre dospelých |
| Suppress in OPAC | No |
| 949 ## - LOCAL PROCESSING INFORMATION (OCLC) | |
| 6 | 270001000038249 |
| a | svkbbB 27735 |
| b | svkbbm 580677 |
| p | 580.677 |
| Stav vyradenia | Strata | Poškodenie | Spôsob nadobudnutia | Domovská knižnica | Aktuálna knižnica | Dátum nadobudnutia | Total checkouts | Čiarový kód exemplára | Date last seen | Typ exemplára |
|---|---|---|---|---|---|---|---|---|---|---|
| Dar | Obecná knižnica Horná Štubňa | Obecná knižnica Horná Štubňa | 19.01.2026 | 4736200219 | 19.01.2026 | Odborná literatúra pre dospelých |
